| 000 | 00430nam a2200145Ia 4500 | ||
|---|---|---|---|
| 008 | 100415s9999 xx 000 0 und d | ||
| 082 |
_b10929 _a598.13 |
||
| 100 | _aBjorndal,K.A | ||
| 245 | _aBiology and Conservation of Sea Turtles | ||
| 260 |
_aPRESTON _c1981 _bSMITHONIAN INSTITUTION |
||
| 365 | _b0 | ||
| 630 | _aBiology and Conservation of Sea Turtles | ||
| 730 | _aBiology and Conservation of Sea Turtles | ||
| 942 | _cBOOK | ||
| 999 |
_c593855 _d593852 |
||